Fundamentals of futures and options markets
This book does a great job at clearly teaching the basics of forwards/futures and options markets. While there are a handful of summary questions at the end of each chapter that have answers in the back of the book, the overwhelming majority of answers to the end of chapter practice problems are not...
Na minha lista:
| Autor principal: | |
|---|---|
| Formato: | Livro |
| Idioma: | Undetermined |
| Publicado em: |
Harlow, Essex
Pearson
2017
|
| Assuntos: | |
| Tags: |
Adicionar Tag
Sem tags, seja o primeiro a adicionar uma tag!
|
| Thư viện lưu trữ: | Trung tâm Học liệu Trường Đại học Cần Thơ |
|---|
| LEADER | 00987nam a2200205Ia 4500 | ||
|---|---|---|---|
| 001 | CTU_228308 | ||
| 008 | 210402s9999 xx 000 0 und d | ||
| 020 | |c 810000 | ||
| 082 | |a 332.6452 | ||
| 082 | |b H913 | ||
| 100 | |a Hull, John C. | ||
| 245 | 0 | |a Fundamentals of futures and options markets | |
| 245 | 0 | |c John C. Hull | |
| 260 | |a Harlow, Essex | ||
| 260 | |b Pearson | ||
| 260 | |c 2017 | ||
| 520 | |a This book does a great job at clearly teaching the basics of forwards/futures and options markets. While there are a handful of summary questions at the end of each chapter that have answers in the back of the book, the overwhelming majority of answers to the end of chapter practice problems are not. In order to use this book properly and get the most out of it, the study guide is a necessity. Other than that, it's a great textbook. | ||
| 650 | |a Thị trường tương lai,Futures market | ||
| 910 | |b nthai | ||
| 980 | |a Trung tâm Học liệu Trường Đại học Cần Thơ | ||